අදුරදුර/

Saved in:
Bibliographic Details
Main Author: ප්‍රියන්ත,ආර්.ඩී
Format: Book
Language:Undetermined
Sinhalese
Subjects:
Tags: Add Tag
No Tags, Be the first to tag this record!

MARC

LEADER 00000nam a2200000Ia 4500
003 LK-ApPL
005 20220525195006.0
008 220525s9999 xx 000 0 und d
040 |a LK-ApPL  |b sin  |d LK-ApPL 
041 |a sin 
082 |a 891.483  |b ප්‍රියන් 
100 |a ප්‍රියන්ත,ආර්.ඩී 
245 0 |a අදුරදුර/  |c ආර්.ඩි.ප්‍රියන්ත 
300 |a පි.296 :  |c සෙ.මී.17 
650 |a නවකතා 
942 |c LBK 
999 |c 5768  |d 5768